[Event "Leipzig VfB op 24th"]
[Site "Leipzig"]
[Date "2017.03.25"]
[Round "7"]
[White "Damm, Holger"]
[Black "Speck, Stefan"]
[Result "0-1"]
[WhiteElo "1765"]
[BlackElo "2018"]
[PlyCount "92"]
[EventDate "2017.03.21"]
[EventType "swiss"]
[EventRounds "9"]
[EventCountry "GER"]
[SourceTitle "EXT 2018"]
[Source "ChessBase"]
[SourceDate "2017.10.13"]
[SourceVersion "1"]
[SourceVersionDate "2017.10.13"]
[SourceQuality "1"]

1. e4 c5 2. Nf3 e6 3. d4 cxd4 4. Nxd4 Nc6 5. Nc3 Qc7 6. Be2 a6 7. 0-0 Nf6 8. Be3 Bb4 9. f3 0-0 10. a3 Bxc3 11. bxc3 Na5 12. Qd3 d5 13. exd5 Nxd5 14. Bd2 Rd8 15. f4 Bd7 16. c4 Nf6 17. Bc3 Rac8 18. Rf3 Bc6 19. Rg3 Be4 20. Qe3 Bg6 21. f5 exf5 22. Nxf5 Re8 23. Qf3 Qc5+ 24. Bd4 Qxf5 25. Qxf5 Bxf5 26. Bxf6 Rxe2 27. Rxg7+ Kf8 28. Rg5 Be4 29. Kf1 Rxc2 30. Rxa5 Rc6 31. Bg5 Bxg2+ 32. Ke1 R6xc4 33. Bh6+ Ke8 34. Re5+ Kd7 35. Rd1+ Kc6 36. Re8 Re4+ 37. Rxe4 Bxe4 38. Bf4 Ra2 39. Rd6+ Kb5 40. Rd4 Bc6 41. Rb4+ Kc5 42. Rb3 Kc4 43. Rh3 Be4 44. Bd6 b5 45. Be5 a5 46. Re3 Kd5 0-1

[Event "Leipzig VfB op 24th"]
[Site "Leipzig"]
[Date "2017.03.22"]
[Round "2"]
[White "Damm, Holger"]
[Black "Ott, Herbert"]
[Result "1-0"]
[WhiteElo "1765"]
[BlackElo "1607"]
[PlyCount "51"]
[EventDate "2017.03.21"]
[EventType "swiss"]
[EventRounds "9"]
[EventCountry "GER"]
[SourceTitle "EXT 2018"]
[Source "ChessBase"]
[SourceDate "2017.10.13"]
[SourceVersion "1"]
[SourceVersionDate "2017.10.13"]
[SourceQuality "1"]

1. e4 c5 2. Nf3 d6 3. d4 cxd4 4. Nxd4 a6 5. Nc3 Nf6 6. Bg5 e6 7. f4 Be7 8. Qf3 Qc7 9. 0-0-0 b5 10. Bd3 Bb7 11. Rhe1 Nc6 12. Nxc6 Bxc6 13. Qh3 b4 14. Bxf6 Bxf6 15. Nd5 Qa5 16. Bc4 Bd7 17. Nxf6+ gxf6 18. Qd3 Bb5 19. Qxd6 Bxc4 20. Qc6+ Kf8 21. Qxc4 Kg7 22. Re3 Rhc8 23. Rg3+ Kf8 24. Qb3 Qc7 25. Qxb4+ Qc5 26. Qxc5+ 1-0

[Event "Leipzig VfB op 22nd"]
[Site "Leipzig"]
[Date "2015.03.07"]
[Round "7"]
[White "Thesing, Ansgar"]
[Black "Damm, Holger"]
[Result "1-0"]
[WhiteElo "1890"]
[BlackElo "1819"]
[PlyCount "57"]
[EventDate "2015.03.03"]
[EventType "swiss"]
[EventRounds "9"]
[EventCountry "GER"]
[SourceTitle "EXT 2016"]
[Source "ChessBase"]
[SourceDate "2015.10.08"]
[SourceVersion "1"]
[SourceVersionDate "2015.10.08"]
[SourceQuality "1"]

1. f4 d5 2. Nf3 Nf6 3. g3 c5 4. Bg2 Nc6 5. 0-0 e6 6. b3 Be7 7. Bb2 0-0 8. e3 b5 9. Ne5 Qb6 10. a4 Ba6 11. axb5 Bxb5 12. Re1 Rac8 13. Nc3 Ba6 14. Nxc6 Qxc6 15. e4 d4 16. e5 Nd5 17. Nxd5 exd5 18. Qf3 Rfd8 19. Bh3 Rc7 20. e6 Bc8 21. exf7+ Kxf7 22. Bxc8 Rdxc8 23. Qe2 Bf6 24. Ra6 Qd7 25. Re6 Kf8 26. Qh5 h6 27. Qf5 Kg8 28. Qg6 Qf7 29. Re8+ 1-0

[Event "Berlin Lichtenrade op 10th"]
[Site "Berlin"]
[Date "2014.10.18"]
[Round "1"]
[White "Lagunow, Raphael"]
[Black "Damm, Holger"]
[Result "1-0"]
[WhiteElo "2205"]
[BlackElo "1844"]
[PlyCount "29"]
[EventDate "2014.10.18"]
[EventType "swiss"]
[EventRounds "9"]
[EventCountry "GER"]
[SourceTitle "EXT 2015"]
[Source "ChessBase"]
[SourceDate "2014.11.20"]
[SourceVersion "1"]
[SourceVersionDate "2014.11.20"]
[SourceQuality "1"]

1. e4 e5 2. Nf3 Nc6 3. Bc4 Bc5 4. b4 Bxb4 5. c3 Ba5 6. d4 exd4 7. Qb3 Qe7 8. 0-0 Nf6 9. e5 Ne4 10. Ba3 d6 11. Bd5 Nxc3 12. exd6 cxd6 13. Nxc3 Bxc3 14. Rae1 Bxe1 15. Rxe1 1-0

[Event "Dresden ZMD op-B 23rd"]
[Site "Dresden"]
[Date "2014.08.15"]
[Round "1"]
[White "Damm, Holger"]
[Black "Buechmann, Knud"]
[Result "0-1"]
[WhiteElo "1832"]
[BlackElo "1996"]
[PlyCount "70"]
[EventDate "2014.08.15"]
[EventType "swiss"]
[EventRounds "9"]
[EventCountry "GER"]
[SourceTitle "EXT 2024"]
[Source "ChessBase"]
[SourceDate "2023.10.10"]
[SourceVersion "1"]
[SourceVersionDate "2023.10.10"]
[SourceQuality "1"]

1. e4 c6 2. d4 d5 3. Nc3 dxe4 4. Nxe4 Bf5 5. Ng3 Bg6 6. Nf3 Nd7 7. Bd3 e6 8. 0-0 Ngf6 9. Ne5 Nxe5 10. dxe5 Bxd3 11. Qxd3 Qxd3 12. cxd3 Nd5 13. Bd2 Be7 14. Ne4 0-0 15. Nc3 Rfd8 16. Rfd1 Nb4 17. Ne4 Nxd3 18. Bc3 Rd5 19. Rd2 Rad8 20. Rad1 Nf4 21. Kf1 Kf8 22. g3 Rxd2 23. Rxd2 Rxd2 24. Nxd2 Nd5 25. Ne4 Ke8 26. Ke2 Kd7 27. Kd3 c5 28. Bd2 h6 29. f4 b5 30. g4 Kc6 31. b3 a5 32. f5 Nb4+ 33. Bxb4 axb4 34. Ke3 Kd5 35. Kf4 c4 0-1

[Event "Leipzig VfB op 20th"]
[Site "Leipzig"]
[Date "2013.03.09"]
[Round "8"]
[White "Damm, Holger"]
[Black "Neumann, Uwe"]
[Result "1-0"]
[WhiteElo "1860"]
[BlackElo "1376"]
[PlyCount "79"]
[EventDate "2013.03.05"]
[EventType "swiss"]
[EventRounds "9"]
[EventCountry "GER"]
[SourceTitle "EXT 2014"]
[Source "ChessBase"]
[SourceDate "2013.11.20"]
[SourceVersion "1"]
[SourceVersionDate "2013.11.20"]
[SourceQuality "1"]

1. e4 e5 2. Nf3 d6 3. Bc4 h6 4. 0-0 Nf6 5. Re1 Be7 6. c3 0-0 7. d4 exd4 8. cxd4 c6 9. Bb3 Re8 10. Nbd2 b6 11. Nf1 Nbd7 12. Ng3 Nf8 13. Qd3 Ng6 14. Bd2 a5 15. Rac1 c5 16. e5 dxe5 17. Qxg6 Nd5 18. Qc6 Be6 19. Nxe5 Bf6 20. Qb5 Bxe5 21. Rxe5 Bd7 22. Qd3 Rxe5 23. dxe5 Be6 24. Bc2 g6 25. Ne4 Kg7 26. Nd6 Nb4 27. Qe3 Qh8 28. Qf3 Rf8 29. Qf6+ Kh7 30. Qh4 Kg7 31. Bxb4 axb4 32. Ba4 Kh7 33. Re1 Kg7 34. Qe7 Kh7 35. Ne8 h5 36. Nf6+ Kg7 37. Bd7 Bxd7 38. Nxd7 Re8 39. Qf6+ Kg8 40. Qxb6 1-0

[Event "Dresden ZMD op-B 21st"]
[Site "Dresden"]
[Date "2012.08.22"]
[Round "5"]
[White "Bolshakov, Konstantin"]
[Black "Damm, Holger"]
[Result "0-1"]
[WhiteElo "1612"]
[BlackElo "1761"]
[PlyCount "56"]
[EventDate "2012.08.18"]
[EventType "swiss"]
[EventRounds "9"]
[EventCountry "GER"]
[SourceTitle "CBM 150 Extra"]
[Source "ChessBase"]
[SourceDate "2012.10.19"]
[SourceVersion "1"]
[SourceVersionDate "2012.10.19"]
[SourceQuality "1"]

1. d4 Nf6 2. Nf3 g6 3. c4 Bg7 4. Nc3 0-0 5. e4 d6 6. h3 e5 7. dxe5 dxe5 8. Qxd8 Rxd8 9. Bg5 Re8 10. Bxf6 Bxf6 11. Nd5 Bd8 12. 0-0-0 c6 13. Ne3 Bb6 14. c5 Bxc5 15. Nxe5 Bxe3+ 16. fxe3 Be6 17. Bc4 Bxc4 18. Nxc4 Na6 19. Rd7 Nc5 20. Rc7 Rac8 21. Rxc8 Rxc8 22. Nd6 Rc7 23. Rd1 Kf8 24. b4 Nd7 25. Rd4 Ke7 26. Nc4 c5 27. bxc5 Nxc5 28. Kd2 Ne6 0-1

[Event "Dresden ZMD op-B 21st"]
[Site "Dresden"]
[Date "2012.08.19"]
[Round "2"]
[White "Damm, Holger"]
[Black "Grasmik, Waldemar"]
[Result "1-0"]
[WhiteElo "1761"]
[BlackElo "1437"]
[PlyCount "113"]
[EventDate "2012.08.18"]
[EventType "swiss"]
[EventRounds "9"]
[EventCountry "GER"]
[SourceTitle "CBM 150 Extra"]
[Source "ChessBase"]
[SourceDate "2012.10.19"]
[SourceVersion "1"]
[SourceVersionDate "2012.10.19"]
[SourceQuality "1"]

1. e4 d5 2. exd5 a6 3. d4 c6 4. dxc6 Nxc6 5. Nf3 Bg4 6. Bc4 e6 7. c3 h5 8. h3 Bxf3 9. Qxf3 Nf6 10. 0-0 Qc7 11. Bb3 Ng4 12. Bf4 Bd6 13. Bxd6 Qxd6 14. hxg4 hxg4 15. Qg3 Qe7 16. Re1 0-0-0 17. Nd2 Rh4 18. f3 Rdh8 19. fxg4 Qf6 20. Nf3 Rh1+ 21. Kf2 R1h7 22. Bc2 g6 23. a4 Qe7 24. d5 Qc5+ 25. Re3 Qxd5 26. Be4 Qb3 27. Re2 Qb6+ 28. Re3 Qxb2+ 29. Re2 Qxa1 30. Bxc6 bxc6 31. Qd6 Qxa4 32. Rd2 f5 33. Rd3 Qe4 34. Ne5 Qa4 35. Qxe6+ Kb7 36. Nc4 Qc2+ 37. Rd2 Qe4 38. Nd6+ Kc7 39. Nxe4 fxe4 40. Qd6+ Kb7 41. Rb2+ Ka7 42. Qxc6 Rb8 43. Rxb8 Kxb8 44. Qxa6 g5 45. Qb5+ Kc7 46. Qe5+ Kd8 47. Qxe4 Rf7+ 48. Kg3 Rd7 49. Qf5 Kc7 50. Qxg5 Rd3+ 51. Kh4 Rd6 52. Qe5 Kd7 53. Qxd6+ Kxd6 54. Kg5 Ke7 55. Kg6 Kf8 56. Kh7 Kf7 57. g5 1-0

[Event "Dresden ZMD op-B 21st"]
[Site "Dresden"]
[Date "2012.08.18"]
[Round "1"]
[White "Barlage, Tonio"]
[Black "Damm, Holger"]
[Result "1-0"]
[WhiteElo "1885"]
[BlackElo "1761"]
[PlyCount "94"]
[EventDate "2012.08.18"]
[EventType "swiss"]
[EventRounds "9"]
[EventCountry "GER"]
[SourceTitle "CBM 150 Extra"]
[Source "ChessBase"]
[SourceDate "2012.10.19"]
[SourceVersion "1"]
[SourceVersionDate "2012.10.19"]
[SourceQuality "1"]

1. c4 Nf6 2. g3 c6 3. Bg2 d5 4. Nf3 e6 5. b3 Bd6 6. 0-0 0-0 7. Bb2 Nbd7 8. d3 e5 9. e3 Re8 10. Nc3 Nf8 11. h3 Ng6 12. cxd5 cxd5 13. Nd2 Be6 14. Nb5 Bb8 15. Kh2 Qd7 16. Nc3 h5 17. Ne2 h4 18. e4 hxg3+ 19. fxg3 Nh7 20. Nf3 Bd6 21. Qd2 Rac8 22. Rac1 Qe7 23. Rxc8 Rxc8 24. Rc1 Rxc1 25. Qxc1 Qc7 26. exd5 Qxc1 27. Bxc1 Bxd5 28. Nxe5 Bxg2 29. Nxg6 Bc6 30. Bf4 Bb4 31. Ne5 Bd5 32. Be3 a6 33. Nf4 Nf6 34. Nd7 Nxd7 35. Nxd5 Ba3 36. d4 Nb8 37. Kg2 Nc6 38. Nb6 Kf8 39. Kf3 Ke7 40. Ke4 Bd6 41. g4 Kd8 42. h4 Kc7 43. Nd5+ Kd7 44. h5 Ke6 45. Nb6 Nb4 46. a4 Bc7 47. d5+ Ke7 1-0

[Event "Leipzig VfB op 18th"]
[Site "Leipzig"]
[Date "2011.03.22"]
[Round "1"]
[White "Warns, Heiko"]
[Black "Damm, Holger"]
[Result "1-0"]
[WhiteElo "2171"]
[BlackElo "1829"]
[PlyCount "55"]
[EventDate "2011.03.20"]
[EventType "swiss"]
[EventRounds "9"]
[EventCountry "GER"]
[SourceTitle "CBM 141 Extra"]
[Source "ChessBase"]
[SourceDate "2011.05.03"]
[SourceVersion "1"]
[SourceVersionDate "2011.05.03"]
[SourceQuality "1"]

1. e4 e5 2. Nc3 Nf6 3. f4 d6 4. Nf3 Nc6 5. Bb5 Bd7 6. d3 Qe7 7. 0-0 g6 8. fxe5 dxe5 9. Nd5 Nxd5 10. exd5 Qc5+ 11. Kh1 Qxd5 12. Bc4 Qc5 13. Bg5 Bg7 14. b4 Nxb4 15. Nxe5 Bxe5 16. Bxf7+ Kf8 17. d4 Qxd4 18. Bh6+ Ke7 19. Qe2 Bf5 20. Bb3 Nc6 21. Rad1 Qe4 22. Bg5+ Ke8 23. Qxe4 Bxe4 24. Bf7+ Kf8 25. Bxg6+ Kg7 26. Bxe4 Raf8 27. Rd7+ Kg8 28. Bd5+ 1-0

[Event "Dresden ZMD op"]
[Site "Dresden"]
[Date "2010.07.16"]
[Round "7"]
[White "Schindele, Andreas"]
[Black "Damm, Holger"]
[Result "1/2-1/2"]
[WhiteElo "1935"]
[BlackElo "1822"]
[PlyCount "49"]
[EventDate "2010.07.10"]
[EventType "swiss"]
[EventRounds "9"]
[EventCountry "GER"]
[SourceTitle "CBM 137 Extra"]
[Source "ChessBase"]
[SourceDate "2010.09.01"]
[SourceVersion "1"]
[SourceVersionDate "2010.09.01"]
[SourceQuality "1"]

1. d4 d5 2. Nf3 Nf6 3. Bf4 e6 4. e3 c5 5. c3 Nc6 6. Nbd2 Bd6 7. Bg5 0-0 8. Bd3 e5 9. dxe5 Nxe5 10. Qc2 h6 11. Bh4 Bd7 12. Bg3 Qe7 13. Nxe5 Bxe5 14. Bxe5 Qxe5 15. Nf3 Qe7 16. 0-0 Bc6 17. Rfe1 Rfe8 18. Rad1 Rad8 19. Bf1 Qc7 20. Nd2 Ng4 21. g3 b6 22. Bg2 Qb7 23. Nf1 Ne5 24. Nd2 Ng4 25. Nf1 1/2-1/2

[Event "Leipzig VfB op 16th"]
[Site "Leipzig"]
[Date "2009.04.04"]
[Round "7"]
[White "Bessert, Maximilian"]
[Black "Damm, Holger"]
[Result "0-1"]
[WhiteElo "1397"]
[BlackElo "1794"]
[PlyCount "68"]
[EventDate "2009.03.31"]
[EventType "swiss"]
[EventRounds "9"]
[EventCountry "GER"]
[SourceTitle "EXT 2010"]
[Source "ChessBase"]
[SourceDate "2010.11.25"]
[SourceVersion "1"]
[SourceVersionDate "2010.11.25"]
[SourceQuality "1"]

1. e4 e5 2. Nf3 Nc6 3. d4 exd4 4. Bc4 Bb4+ 5. c3 dxc3 6. Nxc3 Bxc3+ 7. bxc3 Qe7 8. 0-0 d6 9. Re1 Nf6 10. Bg5 0-0 11. Rb1 Rb8 12. Bd5 Ne5 13. Nxe5 dxe5 14. Qa4 a6 15. Qc4 Be6 16. Bxf6 gxf6 17. Bxe6 fxe6 18. Red1 Rbd8 19. Rxd8 Rxd8 20. g3 b5 21. Qb3 c5 22. c4 b4 23. a3 a5 24. Qa4 Qc7 25. Qb5 Kf7 26. axb4 cxb4 27. Ra1 Ra8 28. Rd1 Ke7 29. f4 exf4 30. gxf4 Rg8+ 31. Kf2 Qxf4+ 32. Ke2 Qxe4+ 33. Kd2 Rg2+ 34. Kc1 Qc2# 0-1

[Event "Leipzig VfB op 16th"]
[Site "Leipzig"]
[Date "2009.03.31"]
[Round "1"]
[White "Rohne, Lars"]
[Black "Damm, Holger"]
[Result "1-0"]
[WhiteElo "2133"]
[BlackElo "1794"]
[PlyCount "51"]
[EventDate "2009.03.31"]
[EventType "swiss"]
[EventRounds "9"]
[EventCountry "GER"]
[SourceTitle "EXT 2010"]
[Source "ChessBase"]
[SourceDate "2010.11.25"]
[SourceVersion "1"]
[SourceVersionDate "2010.11.25"]
[SourceQuality "1"]

1. e4 e5 2. Nf3 Nc6 3. Bc4 Nd4 4. Nxd4 exd4 5. d3 d6 6. c3 dxc3 7. Qb3 Qe7 8. Nxc3 Nf6 9. Bg5 c6 10. 0-0 h6 11. Bxf6 Qxf6 12. f4 Be7 13. e5 Qg6 14. exd6 Bxd6 15. Rae1+ Be7 16. Qb4 Qf6 17. Re4 Kd8 18. Qb3 Bc5+ 19. Kh1 Rf8 20. d4 Bd6 21. d5 Bf5 22. dxc6 bxc6 23. Qb7 Rb8 24. Qxc6 Rxb2 25. Rd1 Bxe4 26. Rxd6+ 1-0

[Event "Leipzig VfB op 15th"]
[Site "Leipzig"]
[Date "2008.03.01"]
[Round "8"]
[White "Damm, Holger"]
[Black "Werner, Hubert"]
[Result "0-1"]
[WhiteElo "1739"]
[BlackElo "1967"]
[PlyCount "52"]
[EventDate "2008.02.26"]
[EventType "swiss"]
[EventRounds "9"]
[EventCountry "GER"]
[SourceTitle "CBM 123 Extra"]
[Source "ChessBase"]
[SourceDate "2008.05.06"]
[SourceVersion "1"]
[SourceVersionDate "2008.05.06"]
[SourceQuality "1"]

1. e4 c5 2. Nf3 Nc6 3. d4 cxd4 4. Nxd4 Nf6 5. Nc3 e6 6. a3 Be7 7. Be3 0-0 8. Be2 a6 9. 0-0 Qc7 10. Nb3 Rd8 11. f4 b5 12. Bf3 d6 13. Qe1 Bb7 14. Qf2 Re8 15. Rad1 Rac8 16. Rd2 Bf8 17. Rfd1 Qb8 18. Qg3 Ne7 19. Kh1 Qa8 20. e5 dxe5 21. Bxb7 Qxb7 22. Nc5 Qa8 23. fxe5 Nf5 24. Qf2 Nxe3 25. exf6 Nxd1 26. Qg3 Rxc5 0-1

[Event "Leipzig VfB op 15th"]
[Site "Leipzig"]
[Date "2008.02.28"]
[Round "4"]
[White "Meissner, Felix"]
[Black "Damm, Holger"]
[Result "1/2-1/2"]
[WhiteElo "2047"]
[BlackElo "1739"]
[PlyCount "44"]
[EventDate "2008.02.26"]
[EventType "swiss"]
[EventRounds "9"]
[EventCountry "GER"]
[SourceTitle "CBM 123 Extra"]
[Source "ChessBase"]
[SourceDate "2008.05.06"]
[SourceVersion "1"]
[SourceVersionDate "2008.05.06"]
[SourceQuality "1"]

1. e4 e5 2. Nf3 Nc6 3. Bb5 a6 4. Ba4 Nf6 5. 0-0 b5 6. Bb3 Be7 7. Re1 0-0 8. c3 d5 9. exd5 Nxd5 10. d4 exd4 11. Nxd4 Nxd4 12. Bxd5 Qxd5 13. cxd4 Bb7 14. f3 Bd6 15. Nc3 Qh5 16. h3 Qh4 17. Ne4 Rae8 18. Bg5 Qh5 19. Nxd6 Rxe1+ 20. Qxe1 cxd6 21. Bf4 Qg6 22. Qg3 Qd3 1/2-1/2

[Event "Leipzig VfB op 15th"]
[Site "Leipzig"]
[Date "2008.02.26"]
[Round "1"]
[White "Napierala, Dieter"]
[Black "Damm, Holger"]
[Result "0-1"]
[WhiteElo "2082"]
[BlackElo "1739"]
[PlyCount "40"]
[EventDate "2008.02.26"]
[EventType "swiss"]
[EventRounds "9"]
[EventCountry "GER"]
[SourceTitle "CBM 123 Extra"]
[Source "ChessBase"]
[SourceDate "2008.05.06"]
[SourceVersion "1"]
[SourceVersionDate "2008.05.06"]
[SourceQuality "1"]

1. Nc3 e5 2. Nf3 Nc6 3. d4 exd4 4. Nxd4 Bc5 5. Nb3 Bb4 6. Bd2 Nf6 7. a3 Be7 8. e4 d5 9. exd5 Nxd5 10. Qf3 Be6 11. 0-0-0 Nxc3 12. Bxc3 Bd6 13. Bxg7 Qg5+ 14. Kb1 Qxg7 15. Bb5 0-0 16. Be2 Be5 17. Nc5 Nd4 18. Qe3 Nxe2 19. Qxe2 Rfe8 20. Rd3 Bc4 0-1